Sports Quiz

Random Sports or Football Quiz

Who'd They Play For? Quiz Stats

 Plays Quiz not verified by Sporcle

Support Sporcle.
Go Orange.
Score 0/31 Timer 06:00
0 Plays Today
Athlete, Position, League Teams % Correct
Manny Ramirez (LF)--MLBBoston Red Sox
90.1%
Randy Moss (WR)--NFLMinnesota Vikings
89.1%
Randy Moss (WR)--NFLNew England Patriots
87%
Manny Ramirez (LF)--MLBLos Angeles Dodgers
85.9%
Stephen Jackson (SG)--NBAGolden State Warriors
76%
Randy Moss (WR)--NFLOakland Raiders
76%
Tyson Chandler (C)--NBAChicago Bulls
75%
Tyson Chandler (C)--NBANew Orleans Hornets
74%
Manny Ramirez (LF)--MLBCleveland Indians
74%
Tyson Chandler (C)--NBADallas Mavericks
70.3%
Tyson Chandler (C)--NBACharlotte Bobcats
69.3%
Randy Moss (WR)--NFLTennessee Titans
66.1%
Stephen Jackson (SG)--NBAIndiana Pacers
61.5%
Zdeno Chara (D)--NHLBoston Bruins
56.8%
Manny Ramirez (LF)--MLBBoston Red Sox
54.7%
Stephen Jackson (SG)--NBASan Antonio Spurs
54.2%
Athlete, Position, League Teams % Correct
Stephen Jackson (SG)--NBACharlotte Bobcats
47.9%
Manny Ramirez (LF)--MLBChicago White Sox
40.1%
Stephen Jackson (SG)--NBACharlotte Bobcats
37.5%
Randy Moss (WR)--NFLMinnesota Vikings
37.5%
Randy Moss (WR)--NFLNew England Patriots
37%
Manny Ramirez (LF)--MLBLos Angeles Dodgers
35.4%
Stephen Jackson (SG)--NBAIndiana Pacers
34.9%
Stephen Jackson (SG)--NBANew Jersey Nets
34.4%
Zdeno Chara (D)--NHLOttawa Senators
31.8%
Stephen Jackson (SG)--NBAAtlanta Hawks
31.3%
Zdeno Chara (D)--NHLNew York Islanders
30.2%
Manny Ramirez (LF)--MLBLos Angeles Dodgers
29.7%
Stephen Jackson (SG)--NBAGolden State Warriors
29.2%
Stephen Jackson (SG)--NBAGolden State Warriors
29.2%
7.3%

You're not logged in!

Compare scores with friends on all Sporcle quizzes.
OR
Log In

From the Vault

Television: Behind the Scenes! II

by CalibanBrona

These images make acting seem much less glamorous.
Remove Ads.
Support Sporcle.
Get the best of Sporcle when you Go Orange. This ad-free experience offers more features, more stats, and more fun while also helping to support Sporcle. Thank you for becoming a member.

Show Comments

Extras

Top Quizzes Today


Score Distribution

Your Account Isn't Verified!

In order to create a playlist on Sporcle, you need to verify the email address you used during registration. Go to your Sporcle Settings to finish the process.

Report this User

Report this user for behavior that violates our Community Guidelines.

Details: